Угадай текст песни: Земфира — «Хочешь?» - Statistics

General Stats
  • This quiz has been taken 36 times
    35 since last reset
  • The average score is 48 of 63
Answer Stats
Answer % Correct
в
100%
А
100%
я
100%
Хочешь
100%
Хочешь,
100%
с
100%
что
89%
Что
89%
мешают
89%
спать?
89%
сладких
86%
апельсинов?
86%
все
86%
убью
86%
Ты,
82%
Ты
82%
соседей
82%
не
79%
вместо
79%
песни?
79%
песни
79%
Пожалуйста,
75%
умирай
75%
тоже
75%
конечно,
75%
сразу
75%
рай
75%
думаю,
75%
тоже
75%
вслух
75%
рассказов
75%
длинных?
75%
только
75%
живи
75%
лампы?
75%
Альпы?
75%
Или
71%
мне
71%
придётся
71%
звёзды
71%
же
71%
видишь,
71%
живу
71%
парусами?
71%
солнце
71%
за
71%
окошком
71%
тобою
68%
любви
68%
Хватит
68%
нам
68%
двоим
68%
море
68%
отдам
68%
Про
68%
тебя
68%
огромной
64%
головою
64%
новых
64%
самых?
64%
взорву
61%
Моей
61%
музык
61%
No matching quizzes found
Score Distribution
Percent of People with Each Score
Percentile by Number Answered
Your Score History
You have not taken this quiz since the last reset